000
00500nam a2200169Ia 4500
008
090711s9999 xx 000 0 und d
082
_b
56260
100
_a
इनामदार अलका
245
_a
मातgकर्तव्ये
260
_c
1979
300
_a
175
600
_a
इनामदार अलका
630
_a
मातgकर्तव्ये
700
_a
इनामदार अलका
730
_a
मातgकर्तव्ये
942
_c
BOOK
999
_c
312253
_d
312253